|
|
|
|
| LEADER |
01382nam a2200373Ia 4500 |
| 001 |
EBC3019232 |
| 003 |
MiAaPQ |
| 005 |
20200520144314.0 |
| 006 |
m o d | |
| 007 |
cr cn||||||||| |
| 008 |
091015s2010 nyua sb 001 0 eng d |
| 010 |
|
|
|z 2009042906
|
| 020 |
|
|
|z 160876172X (hardcover)
|
| 020 |
|
|
|z 9781608761722 (hardcover)
|
| 020 |
|
|
|z 9781612090931
|
| 035 |
|
|
|a (MiAaPQ)EBC3019232
|
| 035 |
|
|
|a (Au-PeEL)EBL3019232
|
| 035 |
|
|
|a (CaPaEBR)ebr10663040
|
| 035 |
|
|
|a (OCoLC)701057094
|
| 040 |
|
|
|a MiAaPQ
|c MiAaPQ
|d MiAaPQ
|
| 050 |
|
4 |
|a HF1359
|b .I5854 2010
|
| 082 |
0 |
4 |
|a 337
|2 22
|
| 245 |
0 |
0 |
|a International political economy
|h [electronic resource] /
|c Miguel-Angel Galindo Martin and Edward Nissan, editors.
|
| 260 |
|
|
|a Hauppauge, NY :
|b Nova Science Publishers,
|c c2010.
|
| 300 |
|
|
|a xi, 247 p. :
|b ill.
|
| 504 |
|
|
|a Includes bibliographical references and index.
|
| 533 |
|
|
|a Electronic reproduction. Ann Arbor, MI : ProQuest, 2015. Available via World Wide Web. Access may be limited to ProQuest affiliated libraries.
|
| 650 |
|
0 |
|a International economic relations.
|
| 650 |
|
0 |
|a Economic policy.
|
| 655 |
|
4 |
|a Electronic books.
|
| 700 |
1 |
|
|a Galindo Martin, Miguel Angel.
|
| 700 |
1 |
|
|a Nissan, Edward,
|d 1929-
|
| 710 |
2 |
|
|a ProQuest (Firm)
|
| 856 |
4 |
0 |
|u https://ebookcentral.proquest.com/lib/matrademy/detail.action?docID=3019232
|z Click to View
|